000 00535 a2200205 4500
005 20260401120235.0
008 260324b |||||||| |||| 00| 0 eng d
020 _a9789360748470
_cRs. 650.00
040 _aMAIN
082 _a664
_bM312F(6)
100 _aManay, N Shakuntala
245 _aFoods: Facts and principles
250 _a6th
260 _bNew Age International
_c2026
_aNew Delhi
300 _axxxi, 547
650 _aHotel Management
650 _aFood tehchnology
700 _aShadaksharaswamy, M
942 _cBK
999 _c395622
_d395622